| 000 | 00403nam a2200169Ia 4500 | ||
|---|---|---|---|
| 008 | 230711s9999||||xx |||||||||||||| ||und|| | ||
| 020 | _a978-93-5014-554-8 | ||
| 041 | _aENG | ||
| 082 |
_a6.22 _bAR-E |
||
| 100 | _aArora,Anurag | ||
| 245 | 0 | _aEmbedded systems | |
| 250 | _a1st Ed. | ||
| 260 |
_c2014 _aNew Delhi _bS.K Kataria & Sons |
||
| 300 | _a398p. | ||
| 650 | _aComputer Engineering | ||
| 942 | _cBK | ||
| 999 |
_c5993 _d5993 |
||